LEADER 01393nam a2200325 u 4500 001 000000054090 003 CaOOAMICUS 005 20070226115632.0 008 001128s1980 it u000 u ita u 035 $a10862664 040 $aPUL(R)$bita$dPUL(R) 100 1 $aRaschini, Maria Adelaide.$0(OLS)http://pul/name/5649 245 10$aConcretezza e astrazione /$cMaria Adelaide Raschini. 260 $aGenova :$bStudio editoriale di cultura,$c1980. 300 $a157 p. ;$c24 cm 490 1 $aFilosofia oggi ;$v15 504 $aComprende indicazioni bibliografiche. 650 4$aFilosofia teoretica.$0(OLS)http://pul/subject/3060 650 4$aFilosofia$xCritica.$0(OLS)http://pul/subject/18485 650 4$aFilosofia$xCultura.$0(OLS)http://pul/subject/20128 830 0$aFilosofia oggi ;$v15.$0(OLS)http://pul/title/16049 850 $aPUL 852 $aPUL$W1$xDP1 Fondo Giannini$y60$m1556 G 11$j71289$nBK-PRI$b $qFondi$B71289$CPULBib$Z2$F71289 $H $81 852 $aPUL$W1$xSL Filosofia 1$y2$m96 I 27$j71290$nBK-PRI$b $qStampati$B71290$CPULBib$Z2$F71290 $H $81 941 1 $a8 941 1 $a1 961 $aINV: F. Giannini 961 $aINV: 49310 996 $6245$aConcretezza e astrazione$9(OLS)http://pul/title/72560 996 $6260$aGenova :$bStudio editoriale di cultura$9(OLS)http://pul/publisher/52511 LEADER 01071nam a2200253 u 4500 001 000000081554 003 CaOOAMICUS 005 20070226123752.0 008 050324s1956 it u000 u ita u 035 $a11035915 040 $aPUL(R)$bita 041 1 $aita$heng 100 1 $aSprigge, Cecil.$0(OLS)http://pul/name/35545 240 10$aBenedetto Croce, man and thinker.$lItaliano.$0(OLS)http://pul/title/106645 245 10$aBenedetto Croce :$bl'uomo e il pensatore /$cCecil Sprigge ; con una lettera inedita di B. Croce. 260 $aMilano ;$aNapoli :$bRicciardi,$c1956. 300 $axii, 75 p. ;$c24 cm 600 14$aCroce, Benedetto,$d1866-1952.$0(OLS)http://pul/subject/1894 700 1 $aCroce, Benedetto,$d1866-1952.$0(OLS)http://pul/name/495 850 $aPUL 852 $aPUL$W1$xDP1 Fondo Cecchetti$y53$m260 E 7$j193647$nBK-PRI$b $qFondi$B104004$CPULBib$Z2$F104004 $81 941 1 $a1 996 $6245$aBenedetto Croce :$bl'uomo e il pensatore$9(OLS)http://pul/title/106646 996 $6260$aMilano ;$aNapoli :$bRicciardi$9(OLS)http://pul/publisher/76038